<?xml version="1.0" encoding="UTF-8"?><?xml-stylesheet type="text/xsl" href="static/style.xsl"?><OAI-PMH xmlns="http://www.openarchives.org/OAI/2.0/" xmlns:xsi="http://www.w3.org/2001/XMLSchema-instance" xsi:schemaLocation="http://www.openarchives.org/OAI/2.0/ http://www.openarchives.org/OAI/2.0/OAI-PMH.xsd"><responseDate>2026-06-01T10:35:42Z</responseDate><request verb="GetRecord" identifier="oai:riuma.uma.es:10630/28549" metadataPrefix="marc">https://riuma.uma.es/rest/oai/request</request><GetRecord><record><header><identifier>oai:riuma.uma.es:10630/28549</identifier><datestamp>2026-02-03T11:26:50Z</datestamp><setSpec>com_10630_2254</setSpec><setSpec>col_10630_37953</setSpec></header><metadata><record xmlns="http://www.loc.gov/MARC21/slim" xmlns:dcterms="http://purl.org/dc/terms/" xmlns:doc="http://www.lyncode.com/xoai" xmlns:xsi="http://www.w3.org/2001/XMLSchema-instance" xsi:schemaLocation="http://www.loc.gov/MARC21/slim http://www.loc.gov/standards/marcxml/schema/MARC21slim.xsd">
   <leader>00925njm 22002777a 4500</leader>
   <datafield ind2=" " ind1=" " tag="042">
      <subfield code="a">dc</subfield>
   </datafield>
   <datafield ind2=" " ind1=" " tag="720">
      <subfield code="a">Rodríguez-Ortega, Nuria</subfield>
      <subfield code="e">author</subfield>
   </datafield>
   <datafield ind2=" " ind1=" " tag="720">
      <subfield code="a">Suárez, Juan Luis</subfield>
      <subfield code="e">author</subfield>
   </datafield>
   <datafield ind2=" " ind1=" " tag="720">
      <subfield code="a">Varona, Daniel</subfield>
      <subfield code="e">author</subfield>
   </datafield>
   <datafield ind2=" " ind1=" " tag="260">
      <subfield code="c">2020-09-22</subfield>
   </datafield>
   <datafield ind2=" " ind1=" " tag="520">
      <subfield code="a">The authors present a conceptual and mathematical model for an art institution relevance index that quantifies the institution’s ability to manage and leverage its loan relationships with other art institutions, art collectors, and curators. The propose that their model innovates on prior methods descriptions of institution relevance based on the depth or size of an institution’s collections, by&#xd;
introducing a more complex combination of the institution’s ability to manage the type, frequency and range of lending and borrowing practices. Their mixed methods approach is based on combining traditional methods of art history that have relied on subjective accounts of an institution’s collection value with a more formalized methodological approach to quantifying what was once a discourse of practice. The show that a limitation in traditional approaches to evaluating institutional impact relied on subjective interpretation and is not scalable and therefore cannot account for the importance of the global art exhibition ecosystems.</subfield>
   </datafield>
   <datafield ind1="8" ind2=" " tag="024">
      <subfield code="a">Rodríguez Ortega, Nuria, Suárez, Juan-Luis, y Varona, Daniel. «Counting is not Enough. Modelling Relevance in Art Exhibition Ecosystems» Curator. The Museum Journal, vol. 63, issue 4 (October), pp. 637-653, 2020. First published: 22 September 2020 (posprint)</subfield>
   </datafield>
   <datafield ind1="8" ind2=" " tag="024">
      <subfield code="a">https://hdl.handle.net/10630/28549</subfield>
   </datafield>
   <datafield ind1="8" ind2=" " tag="024">
      <subfield code="a">10.5281/zenodo.10445083</subfield>
   </datafield>
   <datafield tag="653" ind2=" " ind1=" ">
      <subfield code="a">Humanidades digitales</subfield>
   </datafield>
   <datafield tag="653" ind2=" " ind1=" ">
      <subfield code="a">Modelos matemáticos</subfield>
   </datafield>
   <datafield tag="653" ind2=" " ind1=" ">
      <subfield code="a">Arte - Exposiciones</subfield>
   </datafield>
   <datafield ind2="0" ind1="0" tag="245">
      <subfield code="a">Counting is not Enough. Modelling Relevance in Art Exhibition Ecosystems</subfield>
   </datafield>
</record>
</metadata></record></GetRecord></OAI-PMH>